Регионална библиотека "Любен Каравелов" - Русе

Арии за тенор из български опери (Запис номер 351755)

MARC детайли
000 -Лидер
Контролно поле с фиксирана дължина 02559ncm a2200493 a 4500
003 - Код на организацията, давaща контролен номер
Контролно поле BLK
005 - Дата и час на последна редакция
Контролно поле 20241207151937.0
008 - Елементи от данни с фиксирана дължина
fixed length control field 180414b bul |a|er|||| |0| c|bulo|
010 ## - Наследен системен номер
LC control number NOT00003639000
040 ## - Източник на каталожния запис
Идентификатор на билиотеката - собственик на записа BLK
041 ## - Код за език
Код за езика на текст/звукозапис или на отделно заглавие Български
Код за езика КДБФ Български
080 ## - УДК
Текстов определител УДК Камерна вок. муз. Песни, балади, арии, романси
УДК код - определител по УДК 784.3
УДК - код + определител 784.3
139 ## - Редно поле
Редна дума Арии за тенор из български опери
Авторски знак Ари - А 84
245 10 - Сведения за заглавието
Заглавие Арии за тенор из български опери
Подзаглавни данни [със съпровод на пиано]
Редно поле (дума) състав. Реса Колева.
254 ## - Сведения за формата на нотното издание
Формат на описваните ноти Клавир
257 ## - Страна на издаване
Страна на създаване/издаване България
260 ## - Област на издателските данни
Име на издателя, разпространителя и проч. Музика
Година на издаване 1987
Място на издаване, разпространение и проч. София
300 ## - Физическа характеристика
Размери/Мащаб 33 см
Страници 76 с.
380 ## - Жанр
Жанр Изкуство
505 ## - Форматирана забележка
Авторската отговорност Парашкев Хаджиев.
Заглавие Ария на Радойко из 1-ва карт. на оп. "Имало едно време"
505 ## - Форматирана забележка
Авторската отговорност Парашкев Хаджиев.
Заглавие Ария на Мирослав из 1-ва карт. на оп. "Мария Десислава"<br/><br/><br/>
505 ## - Форматирана забележка
Авторската отговорност Парашкев Хаджиев
Заглавие Ария на Балдуин из 4-та карт. на оп. "Йоанис Рекс"
505 ## - Форматирана забележка
Авторската отговорност Парашкев Хаджиев
Заглавие Ария на поручик Боляров из оп. "Юлска нощ"
505 ## - Форматирана забележка
Авторската отговорност Парашкев Тодоров Хаджиев.
Заглавие Ария на Илия из оп. "Луд гидия"
505 ## - Форматирана забележка
Авторската отговорност Парашкев Хаджиев
Заглавие Ария на Балдуин из 6-та карт. на оп. "Йоанис Рекс"
505 ## - Форматирана забележка
Авторската отговорност Веселин Стоянов.
Заглавие Ария на Дамян из 3-то д. на оп. "Хитър Петър"
505 ## - Форматирана забележка
Авторската отговорност Ал. Райчев.
Заглавие Ария на Ангел из оп. "Тревога"
505 ## - Форматирана забележка
Авторската отговорност Жул Леви.
Заглавие Ария на Андрей из оп. Неда
505 ## - Форматирана забележка
Авторската отговорност Любомир Пипков.
Заглавие Ария на Ангел из оп. "Янините девет братя"
505 ## - Форматирана забележка
Авторската отговорност Любомир Пипков.
Заглавие Ария на Момчил из оп. "Момчил"
650 #0 - Допълнително описание по предмет – тема
Основно описание – тема или топоним Арии - за тенор
9 (RLIN) 362390
650 #0 - Допълнително описание по предмет – тема
Основно описание – тема или топоним Опера - България
9 (RLIN) 269297
653 ## - Ключова дума – ненормативна
Ключова дума арии
653 #7 - Ключова дума – ненормативна
Ключова дума тенори
9 (RLIN) 198161
653 ## - Ключова дума – ненормативна
Ключова дума оперни арии
700 1# - Други автори (авторска отговорност)
Лично име Колева, Реса
Автороска отговорност (Описва отношението между автора и произведението) състав.
9 (RLIN) 81401
852 ## - Местоположение
Форматна сигнатура Цб М ІІ 10386
Част 14
856 4# - Електронен адрес и достъп
Електронен формат pdf - файл
Път до файла /url/
856 4# - Електронен адрес и достъп
Електронен формат pdf - файл
Път до файла /url/
999 ## - СИСТЕМНИ КОНТРОЛНИ НОМЕРА
Koha biblionumber 351755
Koha biblioitemnumber 351755
942 ## - АРТИКУЛИ
Вид на библиотечния материал Нотни издания
Скрит в OPAC Не
Периодичен библиозапис Да
944 ## - СЪЗДАВАНЕ И РЕДАКЦИЯ на ЗАПИСА
Създаване/Редакция Редакция
Дата на регистрацията/редакция 2020-04-06
Служител, извършил регистрацията/редакцията 30560
Статус, дата на статуса Геновева Генчева
999 ## - СИСТЕМНИ КОНТРОЛНИ НОМЕРА
Koha biblioitemnumber 351755
999 ## - СИСТЕМНИ КОНТРОЛНИ НОМЕРА
Koha biblioitemnumber 320176
Наличности
Код за отписване Код за изгубен артикул Източник на класификационната схема Код за повреда Коз за рестрикции Код за отдаване Артикулен № Име на библиотеката - собственик Име на библиотеката, в която се намира в момента Статус (Текущо местоположение) Дата на вписване в системата Местоположение - отдел Цена в лева Инвентарен номер Систематично азбучна сигнатура Баркод Цена в евро Служебен тип на артикула
  Не е изгубен Universal Decimal Classification Не е повреден без рестрикции заемане за дома 759790 Регионална библиотека "Любен Каравелов" Русе Регионална библиотека "Любен Каравелов" Русе Отдел Изкуство - подръчен фонд 2020-04-09 Отдел Изкуство - подръчен фонд 4.50 481919 784/А 84 120000481919 2.30 Нотни издания
  Не е изгубен Universal Decimal Classification Не е повреден без рестрикции заемане за дома 759791 Регионална библиотека "Любен Каравелов" Русе Регионална библиотека "Любен Каравелов" Русе Отдел Изкуство - подръчен фонд 2020-04-09 Отдел Изкуство - подръчен фонд 4.50 481918 784/А 84 120000481918 2.30 Нотни издания
  Не е изгубен Universal Decimal Classification Не е повреден само за читалня ползва се в читалня 781685 Регионална библиотека "Любен Каравелов" Русе Регионална библиотека "Любен Каравелов" Русе Хранилище 2020-07-06 Хранилище 4.50 480579 Цб М ІІ 10386 900000019252 2.30 Нотни издания
Изтеглен Не е изгубен Universal Decimal Classification Не е повреден   заемане за дома 783463 Регионална библиотека "Любен Каравелов" Русе Регионална библиотека "Любен Каравелов" Русе Отдел Изкуство - подръчен фонд 2020-07-10 Отдел Изкуство - подръчен фонд 4.50 481917 784/А 84 900000024549 2.30 Нотни издания
Vip Innovations Ltd, Rousse, Bulgaria 2025